|
|
|
|
| LEADER |
00741nta a2200205 i 4500 |
| 001 |
dokt6504 |
| 005 |
20220708105416.0 |
| 008 |
220708s1983 hu om 0|| hun d |
| 040 |
|
|
|a SZTE Doktori Repozitórium
|b hun
|
| 041 |
|
|
|a hun
|
| 100 |
1 |
|
|a Gurzó László
|
| 245 |
1 |
2 |
|a A politikai műveltségről és középiskolai megalapozásának néhány kérdéséről
|h [elektronikus dokumentum] /
|c Gurzó László
|
| 260 |
|
|
|c 1983
|
| 502 |
|
|
|a Disszertacio
|
| 650 |
|
4 |
|a filozófiai tudományok
|
| 650 |
|
4 |
|a Bölcsészettudományok
|
| 650 |
|
4 |
|a Filozófia, etika és vallástudományok
|
| 695 |
|
|
|a Filozófia
|
| 700 |
1 |
|
|a Szögi István
|e ths
|
| 856 |
4 |
0 |
|u https://doktori.bibl.u-szeged.hu/id/eprint/6504/1/1983_gurzo_laszlo.pdf
|z Dokumentum-elérés
|